Southville International School and Colleges
Your cart is empty.
  • Cart
  • Lists
    Public lists Eva Luna New books Lux_list list_1
    Your lists Log in to create your own lists
  • Log in to your account
  • Your cookies
  • Search history
Southville International School and Colleges
  • Advanced search
  • Recent comments
  • Most popular
  • Libraries

Log in to your account

Log in with GOOGLE


If you do not have an external account, but do have a local account, you can still log in:

  1. Home
  2. MARC view: Watch your steps : guys and gals
Normal view MARC view ISBD view

Watch your steps : guys and gals (Record no. 7946)

[ view plain ]
MARC details
000 -LEADER
fixed length control field 00552nam a22002057a 4500
003 - CONTROL NUMBER IDENTIFIER
control field OSt
005 - DATE AND TIME OF LATEST TRANSACTION
control field 20140310181957.0
008 - FIXED-LENGTH DATA ELEMENTS--GENERAL INFORMATION
fixed length control field 130727t xxu||||| |||| 00| 0 eng d
020 ## - INTERNATIONAL STANDARD BOOK NUMBER
International Standard Book Number 9715900372
050 ## - LIBRARY OF CONGRESS CALL NUMBER
Classification number HQ 793
Item number .G146 1994
082 ## - DEWEY DECIMAL CLASSIFICATION NUMBER
Classification number FIL 305.23
Item number G131 1994
245 ## - TITLE STATEMENT
Title Watch your steps : guys and gals
Statement of responsibility, etc Galang, Ricardo C.
260 ## - PUBLICATION, DISTRIBUTION, ETC. (IMPRINT)
Place of publication, distribution, etc Pasay City :
Name of publisher, distributor, etc Daughters of St. Paul,
Date of publication, distribution, etc 1994.
300 ## - PHYSICAL DESCRIPTION
Extent 129p. ;
Dimensions 18 cm.
520 ## - SUMMARY, ETC.
Summary, etc 1. Youth 2. Teenagers
521 ## - TARGET AUDIENCE NOTE
Target audience note
541 ## - IMMEDIATE SOURCE OF ACQUISITION NOTE
-- 1
562 ## - COPY AND VERSION IDENTIFICATION NOTE
Number of copies 1
942 ## - ADDED ENTRY ELEMENTS (KOHA)
Source of classification or shelving scheme Library of Congress Classification
Koha item type
Call number prefix Filipininana
Holdings
Withdrawn status Lost status Source of classification or shelving scheme Damaged status Home library Current library Shelving location Date acquired Total Checkouts Full call number Barcode Date last seen Copy number Price effective from Koha item type
    Library of Congress Classification   Luxembourg Library Luxembourg Library Filipiniana Section 07/27/2013   HQ 793 .G146 1994 3782 08/13/2014 1 07/27/2013 Books

Watch your steps : guys and gals

APA

(1994). Watch your steps : guys and gals. Pasay City: Daughters of St. Paul.

Chicago

1994. Watch your steps : guys and gals. Pasay City: Daughters of St. Paul.

Harvard

(1994). Watch your steps : guys and gals. Pasay City: Daughters of St. Paul.

MLA

Watch your steps : guys and gals. Pasay City: Daughters of St. Paul. 1994.

  • Place hold
  • Print
  • Cite
  • Add to your cart (remove)
  • Save record
    BIBTEX Dublin Core MARCXML MARC (non-Unicode/MARC-8) MARC (Unicode/UTF-8) MARC (Unicode/UTF-8, Standard) MODS (XML) RIS
  • More searches
    Search for this title in:
    Other Libraries (WorldCat) Other Databases (Google Scholar) Online Stores (Bookfinder.com) Open Library (openlibrary.org)

Exporting to Dublin Core...

SOUTHVILLE LIBRARY

Southville International School and Colleges Library

1281 Tropical Ave. Cor. Luxembourg St., BF Homes International, Las Pinas City

Tel. No. 8256374 / 252358 Loc. 117/146

Powered by Koha